<?xml version="1.0" encoding="UTF-8"?>
<record
    xmlns:xsi="http://www.w3.org/2001/XMLSchema-instance"
    xsi:schemaLocation="http://www.loc.gov/MARC21/slim http://www.loc.gov/standards/marcxml/schema/MARC21slim.xsd"
    xmlns="http://www.loc.gov/MARC21/slim">

  <leader>01841nam0a2200373   4500</leader>
  <controlfield tag="001">RU\NLR\bibl\55257</controlfield>
  <controlfield tag="005">20260406045025.0</controlfield>
  <datafield tag="010" ind1=" " ind2=" ">
    <subfield code="a">5-230-19438-3</subfield>
    <subfield code="9">130</subfield>
  </datafield>
  <datafield tag="021" ind1=" " ind2=" ">
    <subfield code="a">RU</subfield>
    <subfield code="b">98-3137</subfield>
    <subfield code="9">153</subfield>
  </datafield>
  <datafield tag="035" ind1=" " ind2=" ">
    <subfield code="a">(NLR Aleph) 000053878</subfield>
  </datafield>
  <datafield tag="090" ind1=" " ind2=" ">
    <subfield code="a">290127</subfield>
    <subfield code="c">290127</subfield>
  </datafield>
  <datafield tag="100" ind1=" " ind2=" ">
    <subfield code="a">19991027d1997    |||y0rusy50      ca</subfield>
  </datafield>
  <datafield tag="101" ind1="0" ind2=" ">
    <subfield code="a">rus</subfield>
  </datafield>
  <datafield tag="102" ind1=" " ind2=" ">
    <subfield code="a">RU</subfield>
  </datafield>
  <datafield tag="105" ind1=" " ind2=" ">
    <subfield code="a">a   |||||||||</subfield>
  </datafield>
  <datafield tag="200" ind1="1" ind2=" ">
    <subfield code="a">&#x418;&#x43D;&#x436;&#x435;&#x43D;&#x435;&#x440;&#x43D;&#x44B;&#x435; &#x43C;&#x435;&#x442;&#x43E;&#x434;&#x44B; &#x440;&#x430;&#x441;&#x447;&#x435;&#x442;&#x430; &#x43F;&#x440;&#x43E;&#x43C;&#x435;&#x437;&#x430;&#x43D;&#x438;&#x44F; &#x438; &#x43F;&#x440;&#x43E;&#x442;&#x430;&#x438;&#x432;&#x430;&#x43D;&#x438;&#x44F; &#x442;&#x43E;&#x440;&#x444;&#x44F;&#x43D;&#x44B;&#x445; &#x438; &#x437;&#x430;&#x442;&#x43E;&#x440;&#x444;&#x43E;&#x432;&#x430;&#x43D;&#x43D;&#x44B;&#x445; &#x433;&#x440;&#x443;&#x43D;&#x442;&#x43E;&#x432;</subfield>
    <subfield code="f">&#x412;.&#x410;. &#x41C;&#x438;&#x440;&#x43E;&#x43D;&#x43E;&#x432;, &#x420;.&#x410;. &#x418;&#x441;&#x43F;&#x438;&#x440;&#x44F;&#x43D;, &#x412;.&#x410;. &#x416;&#x443;&#x440;&#x430;&#x432;&#x43B;&#x435;&#x432;, &#x410;.&#x412;. &#x41A;&#x43B;&#x438;&#x43D;&#x433;&#x435;&#x440;</subfield>
    <subfield code="g">&#x41C;-&#x432;&#x43E; &#x43E;&#x431;&#x449;. &#x438; &#x43F;&#x440;&#x43E;&#x444;. &#x43E;&#x431;&#x440;&#x430;&#x437;&#x43E;&#x432;&#x430;&#x43D;&#x438;&#x44F; &#x420;&#x43E;&#x441;. &#x424;&#x435;&#x434;&#x435;&#x440;&#x430;&#x446;&#x438;&#x438;, &#x422;&#x432;&#x435;&#x440;. &#x433;&#x43E;&#x441;. &#x442;&#x435;&#x445;&#x43D;. &#x443;&#x43D;-&#x442;</subfield>
  </datafield>
  <datafield tag="210" ind1=" " ind2=" ">
    <subfield code="a">&#x422;&#x432;&#x435;&#x440;&#x44C;</subfield>
    <subfield code="c">&#x422;&#x413;&#x422;&#x423;</subfield>
    <subfield code="d">1997</subfield>
  </datafield>
  <datafield tag="215" ind1=" " ind2=" ">
    <subfield code="a">100</subfield>
    <subfield code="c">&#x438;&#x43B;.</subfield>
    <subfield code="d">20</subfield>
  </datafield>
  <datafield tag="320" ind1=" " ind2=" ">
    <subfield code="a">&#x411;&#x438;&#x431;&#x43B;&#x438;&#x43E;&#x433;&#x440;.: &#x441;. 89-97 (104 &#x43D;&#x430;&#x437;&#x432;.)</subfield>
  </datafield>
  <datafield tag="606" ind1="0" ind2=" ">
    <subfield code="a">&#x422;&#x43E;&#x440;&#x444;&#x44F;&#x43D;&#x44B;&#x435; &#x433;&#x440;&#x443;&#x43D;&#x442;&#x44B;</subfield>
    <subfield code="x">&#x424;&#x438;&#x437;&#x438;&#x43A;&#x43E;-&#x43C;&#x435;&#x445;&#x430;&#x43D;&#x438;&#x447;&#x435;&#x441;&#x43A;&#x438;&#x435; &#x441;&#x432;&#x43E;&#x439;&#x441;&#x442;&#x432;&#x430;</subfield>
    <subfield code="9">1873677</subfield>
    <subfield code="3">RU\NLR\auth\661141639</subfield>
  </datafield>
  <datafield tag="606" ind1="0" ind2=" ">
    <subfield code="a">&#x417;&#x430;&#x442;&#x43E;&#x440;&#x444;&#x43E;&#x432;&#x430;&#x43D;&#x43D;&#x44B;&#x435; &#x433;&#x440;&#x443;&#x43D;&#x442;&#x44B;</subfield>
    <subfield code="x">&#x424;&#x438;&#x437;&#x438;&#x43A;&#x43E;-&#x43C;&#x435;&#x445;&#x430;&#x43D;&#x438;&#x447;&#x435;&#x441;&#x43A;&#x438;&#x435; &#x441;&#x432;&#x43E;&#x439;&#x441;&#x442;&#x432;&#x430;</subfield>
    <subfield code="9">2150237</subfield>
    <subfield code="3">RU\NLR\auth\661295003</subfield>
  </datafield>
  <datafield tag="686" ind1=" " ind2=" ">
    <subfield code="a">&#x41D;623.091</subfield>
  </datafield>
  <datafield tag="686" ind1=" " ind2=" ">
    <subfield code="a">&#x41D;581.256</subfield>
  </datafield>
  <datafield tag="701" ind1=" " ind2="1">
    <subfield code="4">070</subfield>
    <subfield code="8">rus</subfield>
    <subfield code="7">ca</subfield>
    <subfield code="a">&#x41C;&#x438;&#x440;&#x43E;&#x43D;&#x43E;&#x432;</subfield>
    <subfield code="b">&#x412;. &#x410;.</subfield>
    <subfield code="c">&#x434;-&#x440; &#x442;&#x435;&#x445;&#x43D;. &#x43D;&#x430;&#x443;&#x43A;</subfield>
    <subfield code="f">1939-</subfield>
    <subfield code="g">&#x412;&#x44F;&#x447;&#x435;&#x441;&#x43B;&#x430;&#x432; &#x410;&#x43B;&#x435;&#x43A;&#x441;&#x430;&#x43D;&#x434;&#x440;&#x43E;&#x432;&#x438;&#x447;</subfield>
    <subfield code="3">RU\NLR\auth\774782</subfield>
    <subfield code="9">114757</subfield>
  </datafield>
  <datafield tag="701" ind1=" " ind2="1">
    <subfield code="a">&#x418;&#x441;&#x43F;&#x438;&#x440;&#x44F;&#x43D;</subfield>
    <subfield code="b">&#x420;. &#x410;.</subfield>
    <subfield code="g">&#x420;&#x430;&#x444;&#x430;&#x438;&#x43B; &#x410;&#x448;&#x43E;&#x442;&#x43E;&#x432;&#x438;&#x447;</subfield>
    <subfield code="4">070</subfield>
  </datafield>
  <datafield tag="701" ind1=" " ind2="1">
    <subfield code="a">&#x416;&#x443;&#x440;&#x430;&#x432;&#x43B;&#x435;&#x432;</subfield>
    <subfield code="b">&#x412;. &#x410;.</subfield>
    <subfield code="g">&#x412;&#x430;&#x441;&#x438;&#x43B;&#x438;&#x439; &#x410;&#x43B;&#x435;&#x43A;&#x441;&#x430;&#x43D;&#x434;&#x440;&#x43E;&#x432;&#x438;&#x447;</subfield>
    <subfield code="4">070</subfield>
  </datafield>
  <datafield tag="701" ind1=" " ind2="1">
    <subfield code="a">&#x41A;&#x43B;&#x438;&#x43D;&#x433;&#x435;&#x440;</subfield>
    <subfield code="b">&#x410;. &#x412;.</subfield>
    <subfield code="g">&#x410;&#x43B;&#x435;&#x43A;&#x441;&#x435;&#x439; &#x412;&#x438;&#x43A;&#x442;&#x43E;&#x440;&#x43E;&#x432;&#x438;&#x447;</subfield>
    <subfield code="4">070</subfield>
  </datafield>
  <datafield tag="801" ind1=" " ind2="0">
    <subfield code="a">RU</subfield>
    <subfield code="b">NLR</subfield>
    <subfield code="c">19991027</subfield>
    <subfield code="g">PSBO</subfield>
  </datafield>
  <datafield tag="801" ind1=" " ind2="1">
    <subfield code="a">RU</subfield>
    <subfield code="b">NLR</subfield>
    <subfield code="c">19991027</subfield>
  </datafield>
  <datafield tag="830" ind1=" " ind2=" ">
    <subfield code="a">&#x410;&#x432;&#x442;. &#x440;&#x430;&#x441;&#x43A;&#x440;&#x44B;&#x442;&#x44B; &#x43F;&#x43E; &#x43A;&#x43D;.</subfield>
  </datafield>
  <datafield tag="852" ind1=" " ind2=" ">
    <subfield code="a">NLR</subfield>
    <subfield code="j">99-4/4588</subfield>
  </datafield>
  <datafield tag="942" ind1=" " ind2=" ">
    <subfield code="c">BOOK</subfield>
  </datafield>
  <datafield tag="980" ind1=" " ind2=" ">
    <subfield code="a">NB</subfield>
  </datafield>
  <datafield tag="995" ind1=" " ind2=" ">
    <subfield code="5">2013-10-26</subfield>
    <subfield code="b">NLR01</subfield>
    <subfield code="c">NLR01</subfield>
    <subfield code="e">RF8</subfield>
    <subfield code="f">53878-10</subfield>
    <subfield code="k">99-4/4588</subfield>
    <subfield code="o">0</subfield>
    <subfield code="r">BOOK</subfield>
    <subfield code="s">9944588_</subfield>
  </datafield>
</record>
